000 00507nam a2200181Ia 4500
005 20240823062804.0
008 240823s9999||||xx |||||||||||||| ||und||
041 _aENGLISH
082 _A004.16 N6
100 _a"Asser,Stuart M [etal]"
245 0 _aMicrocomputer Servicing Practical Systems and Trobleshooting
250 _a1st
260 _c1996
_b"All India Traveller Book Seller,Delhi"
500 _aTRANSFERED
650 _aMicrocomputer
_bComputer Applications
942 _cBK
999 _c236714
_d236714